000
00320nam a2200121Ia 4500
008
190722s9999 xx 000 0 und d
020
_a
978-93-325-5241-8
100
_a
BJ Miller
245
0
_a
Sams Teach Yourself Swift in 24 Hours
260
_a
India
_b
Pearson India Education Services
_c
2015
300
_a
423
942
_c
BK
999
_c
373
_d
373